000 00289nam a22001337a 4500
008 170616b xxu||||| |||| 00| 0 eng d
020 _a0853456256
041 _aeng
080 _a32
100 _a20
101 _aSHP
245 _aTHE STRUGGLE OVER LEBANON
_cPETRAN,T
942 _2udc
_cBK
999 _c17949
_d17949